Central Library OPAC University of Rajshahi

Notes on analog-digital conversion techniques / (Record no. 5961)

MARC details
000 -LEADER
fixed length control field 00966nam a22002531 4500
001 - CONTROL NUMBER
control field 5961
003 - CONTROL NUMBER IDENTIFIER
rucl marc code BD-RjUL
005 - DATE AND TIME OF LATEST TRANSACTION
control field 20211208234148.0
008 - FIXED-LENGTH DATA ELEMENTS--GENERAL INFORMATION
fixed length control field 14 t1957 maua 000 0 eng
035 ## - SYSTEM CONTROL NUMBER
System control number (BD-RjUL)6000
040 ## - CATALOGING SOURCE
Original cataloging agency DLC/ICU
Transcribing agency ICU
Modifying agency DLC
-- BD-RjUL
Language of cataloging eng
041 ## - LANGUAGE CODE
Language code of text/sound track or separate title eng
082 00 - DEWEY DECIMAL CLASSIFICATION NUMBER
Classification number 510.78
Edition number 16
Author mark and year NOT 1957
245 10 - TITLE STATEMENT
Title Notes on analog-digital conversion techniques /
Statement of responsibility, etc. edited by Alfred K. Susskind. Prepared by staff members of the Servomechanisms Laboratory, Dept. of Electrical Engineering, Massachusetts Institute of Technology: John W. Brean [and others.
260 ## - PUBLICATION, DISTRIBUTION, ETC. (IMPRINT)
Place of publication, distribution, etc. Cambridge :
Name of publisher, distributor, etc. Technology Press, Massachusetts Institute of Technology,
Date of publication, distribution, etc. c1957.
300 ## - PHYSICAL DESCRIPTION
Pagination 8-77 p. :
Illustrations illus. ;
Size 23 cm.
650 #0 - SUBJECT ADDED ENTRY--TOPICAL TERM
Topical term or geographic name as entry element Computers.
9 (RLIN) 18739
Topical term or geographic name as entry element Electronic data processing.
9 (RLIN) 18740
700 1# - ADDED ENTRY--PERSONAL NAME
Personal name Susskind, Alfred K.,
Relator term ed.
942 ## - ADDED ENTRY ELEMENTS (KOHA)
Source of classification or shelving scheme Dewey Decimal Classification
Koha item type Books
Holdings
Lost status Source of classification or shelving scheme Damaged status Not for loan Collection code Permanent Location Current Location Shelving location Date acquired Source of acquisition Cost, normal purchase price Total Checkouts Full call number Date last seen Copy number Koha item type
  Dewey Decimal Classification   Not For Loan Non-fiction Central Library, University of Rajshahi Central Library, University of Rajshahi   05/06/1954 john wily & sons 9.00   510.78 NOT 1957 08/01/2014 C-1 Books